Southville International School and Colleges
Your cart is empty.
  • Cart
  • Lists
    Public lists Eva Luna New books Lux_list list_1
    Your lists Log in to create your own lists
  • Log in to your account
  • Your cookies
  • Search history
Southville International School and Colleges
  • Advanced search
  • Recent comments
  • Most popular
  • Libraries

Log in to your account

Log in with GOOGLE


If you do not have an external account, but do have a local account, you can still log in:

  1. Home
  2. MARC view: It's pumpkin time! :
Normal view MARC view ISBD view

It's pumpkin time! : (Record no. 106021)

[ view plain ]
MARC details
000 -LEADER
fixed length control field 00614nam a2200181 a 4500
005 - DATE AND TIME OF LATEST TRANSACTION
control field 20140412111421.0
008 - FIXED-LENGTH DATA ELEMENTS--GENERAL INFORMATION
fixed length control field 080105s19uu xx 00 eng d
020 ## - INTERNATIONAL STANDARD BOOK NUMBER
International Standard Book Number 0-590-55849-8
050 ## - LIBRARY OF CONGRESS CALL NUMBER
Classification number TR(PS E
Item number It6 1994
100 ## - MAIN ENTRY--PERSONAL NAME
Personal name Hall, Zoe,1957
245 ## - TITLE STATEMENT
Title It's pumpkin time! :
Remainder of title Questions and answers about Tornadoes and Hurricanes.
260 ## - PUBLICATION, DISTRIBUTION, ETC. (IMPRINT)
Place of publication, distribution, etc New York :
Name of publisher, distributor, etc Blue Sky Press,
Date of publication, distribution, etc c1994.
300 ## - PHYSICAL DESCRIPTION
Extent unpaged
500 ## - GENERAL NOTE
General note Includes index
520 ## - SUMMARY, ETC.
Summary, etc A Sister and brother plant and tend their own pumpkin patch so they will have jack-o-lanterns for halloween.
650 ## - SUBJECT ADDED ENTRY--TOPICAL TERM
Topical term or geographic name as entry element Pumpkin
General subdivision fiction
Holdings
Withdrawn status Lost status Damaged status Use restrictions Home library Current library Shelving location Date acquired Source of acquisition Cost, normal purchase price Total Checkouts Full call number Barcode Date last seen Price effective from Koha item type
        Elizalde Library Elizalde Library Teachers Reference Section 01/05/2008   140.00   TR(PS E It6 1994 E11119 04/12/2014 04/12/2014 Books

It's pumpkin time! :

APA

Hall Z., . (1994). It's pumpkin time!. New York: Blue Sky Press.

Chicago

Hall Zoe,1957, . 1994. It's pumpkin time!. New York: Blue Sky Press.

Harvard

Hall Z., . (1994). It's pumpkin time!. New York: Blue Sky Press.

MLA

Hall Zoe,1957, . It's pumpkin time!. New York: Blue Sky Press. 1994.

  • Place hold
  • Print
  • Cite
  • Add to your cart (remove)
  • Save record
    BIBTEX Dublin Core MARCXML MARC (non-Unicode/MARC-8) MARC (Unicode/UTF-8) MARC (Unicode/UTF-8, Standard) MODS (XML) RIS
  • More searches
    Search for this title in:
    Other Libraries (WorldCat) Other Databases (Google Scholar) Online Stores (Bookfinder.com) Open Library (openlibrary.org)

Exporting to Dublin Core...

SOUTHVILLE LIBRARY

Southville International School and Colleges Library

1281 Tropical Ave. Cor. Luxembourg St., BF Homes International, Las Pinas City

Tel. No. 8256374 / 252358 Loc. 117/146

Powered by Koha